书目信息 |
| 题名: |
家庭医药指南
|
|
| 作者: | 游孟高 主编 | |
| 分册: | ||
| 出版信息: | 长沙 湖南科学技术出版社 1981.10 |
|
| 页数: | 383 | |
| 开本: | 32 | |
| 丛书名: | ||
| 单 册: | ||
| 中图分类: | R-49 | |
| 科图分类: | ||
| 主题词: | ||
| 电子资源: | ||
| ISBN: | ||
| 000 | 00484nam0 2200181 45 | |
| 001 | 0181012936 | |
| 005 | 20060815083847.29 | |
| 010 | @dCNY1.20 | |
| 091 | @a14204.48 | |
| 100 | @a20810111d km y0chiy0120 ea | |
| 101 | 0 | @achi |
| 200 | 1 | @a家庭医药指南@Ajia ting yi yao zhi nan@f游孟高主编@Fyou meng gao |
| 210 | @a长沙@c湖南科学技术出版社@d1981.10 | |
| 215 | @a383@c无图表@d32 | |
| 690 | @aR-49 | |
| 701 | 0 | @a游孟高@4主编 |
| 801 | @aCN@bTSTC@c20060815 | |
| 905 | @dR-49@e14@f1@b228409 | |
| 家庭医药指南/游孟高主编.-长沙:湖南科学技术出版社,1981.10 |
| 383:无图表;32 |
| ISBN :CNY1.20 |
| ● |
| 相关链接 |
|
|
|
|
正题名:家庭医药指南
索取号:R-49/14
 
预约/预借
| 序号 | 登录号 | 条形码 | 馆藏地/架位号 | 状态 | 备注 |
| 1 | 0228409 | 000706249 | 第二样本阅览室/ [索取号:R-49/14] | 在馆 | |
| 2 | 0458342 | 204583423 | 密集书库/ [索取号:R-49/14] | 在馆 | |
| 3 | 0458362 | 204583628 | 密集书库/ [索取号:R-49/14] | 在馆 |